Water supply, sanitation, and environmental sustainability : (Registro nro. 1175)

Detalles MARC
000 -CABECERA
Campo de control 01097cam a2200265 a 4500
005 - FECHA Y HORA DE LA ULTIMA TRANSACCION
Campo de control 20160816121801.0
008 - ELEMENTOS DE LONGITUD FIJA—INFORMACION GENERAL
Campo de control 940808s1994 dcua b i000 0 eng
020 ## - ISBN
ISBN 0821330225
040 ## - FUENTE DE CATALOGACIÓN
Agencia catalogadora original DLC
Agencia transcriptora DLC
Agencia Modificadora DLC
-- CO-BoIAVH
041 0# - IDIOMA
Código de idioma para texto/pista de sonido o título separado Inglés
044 ## - PAÍS DE PUBLICACIÓN
País de publicación Estados Unidos
082 00 - NUMERO DE CLASIFICACION DECIMAL DEWEY
Número de clasificación 338.43
Número del ítem S48w
100 1# - ASIENTO PRINCIPAL--NOMBRE PERSONAL
Nombre personal Serageldin, Ismail
Fechas asociadas con el nombre 1944-
9 (RLIN) 74358
245 10 - MENCION DE TITULO
Título Water supply, sanitation, and environmental sustainability :
Parte restante del título the financing challenge /
Mención de responsabilidad Ismail Serageldin.
260 ## - PUBLICACION, DISTRIBUCION, ETC. (PIE DE IMPRENTA)
Lugar de publicación, distribución, etc. Washington, D.C. :
Nombre del editor, distribuidor, etc. World Bank,
Fecha de publicación, distribución, etc. c1994.
300 ## - DESCRIPCION FISICA
Extensión vii, 35 páginas :
Otros detalles físicos ilustraciones ;
Dimensiones 23 x 15 cm.
490 0# - MENCION DE SERIE
Mención de serie Directions in development
504 ## - NOTA DE BIBLIOGRAFIA, ETC.
Nota de bibliografía Incluye referencias bibliográficas: páginas 34-35.
650 24 - ASIENTO SECUNDARIO DE MATERIA - TERMINO TEMATICO
Término temático o nombre geográfico como elemento de entrada Eliminación de aguas residuales
Subdivisión geográfica Paises en desarrollo
Subdivisión general Financiación
9 (RLIN) 74359
650 24 - ASIENTO SECUNDARIO DE MATERIA - TERMINO TEMATICO
Término temático o nombre geográfico como elemento de entrada Suministro de agua
Subdivisión geográfica Paises en desarrollo
Subdivisión general Financiación
9 (RLIN) 74360
650 26 - ASIENTO SECUNDARIO DE MATERIA - TERMINO TEMATICO
Término temático o nombre geográfico como elemento de entrada Aguas residuales
Subdivisión general Aspectos ambientales
Subdivisión geográfica Paises en desarrollo
9 (RLIN) 74361
650 26 - ASIENTO SECUNDARIO DE MATERIA - TERMINO TEMATICO
Término temático o nombre geográfico como elemento de entrada Evacuación de aguas residuales
Subdivisión geográfica Paises en desarrollo
9 (RLIN) 74362
650 26 - ASIENTO SECUNDARIO DE MATERIA - TERMINO TEMATICO
Término temático o nombre geográfico como elemento de entrada Salud pública
Subdivisión geográfica Paises en desarrollo
9 (RLIN) 74363
942 ## - ELEMENTOS ADICIONALES (KOHA)
Sistema de clasificación Dewey Decimal Classification
Tipo de ítem Libro
Existencias
Withdrawn status Lost status Sistema de Clasificación Damaged status No para préstamo Colección Inventariado Ubicación Permanente Ubicación actual Fecha de adquisición Fuente de Valor Valor Total Checkouts Número topográfico Inventario / Código de Barras Date last seen Ejemplar Price effective from Forma de adquisición Tipo de material
    Dewey Decimal Classification     General Inventariado 2017 Bogotá Bogotá 18/04/1999 Instituto 39000.00   LB-338.43 S48w 001600 04/12/2012 Ej.1 04/12/2012 Donación Libro